Discursos leídos ante la Real Academia de Ciencias Exactas, Físicas y Naturales en la recepción pública del Sr. D. Sandalio de Pereda y Martínez el día 24 de abril de 1870. (Record no. 37521)

MARC details
000 -LEADER
campo de control de longitud fija 01306nam a2200277 i 4500
001 - NÚMERO DE CONTROL
campo de control 37521
003 - IDENTIFICADOR DE NÚMERO DE CONTROL
campo de control ES-MaACL
005 - FECHA Y HORA DE LA ÚLTIMA TRANSACCIÓN
campo de control 20250806050951.0
007 - CAMPO FIJO DE DESCRIPCIÓN FÍSICA--INFORMACIÓN GENERAL
campo de control de longitud fija t|
008 - DATOS DE LONGITUD FIJA--INFORMACIÓN GENERAL
campo de control de longitud fija 030314s1870 sp |||| | spa d
080 ## - NÚMERO DE LA CLASIFICACIÓN DECIMAL UNIVERSAL
Número de la Clasificación Decimal Universal 663.64
245 00 - MENCIÓN DEL TÍTULO
Título Discursos leídos ante la Real Academia de Ciencias Exactas, Físicas y Naturales en la recepción pública del Sr. D. Sandalio de Pereda y Martínez el día 24 de abril de 1870.
260 ## - PUBLICACIÓN, DISTRIBUCIÓN, ETC.
Lugar de publicación, distribución, etc. Madrid :
Nombre del editor, distribuidor, etc. [s.n.],
Fecha de publicación, distribución, etc. 1870 (
Fabricante Imp. de la Viuda de Aguado e Hijo)
300 ## - DESCRIPCIÓN FÍSICA
Extensión 55 p. ;
Dimensiones 24 cm.
530 ## - NOTA DISPONIBLE DE FORMULARIO FÍSICO ADICIONAL
Nota de formato físico adicional disponible Disponible en formato digital.
594 ## - Nota al título y mención de responsabilidad
Nota al título y mención de responsabilidad Recoge el discurso de Sandalio de Pereda y Martínez, y el de contestación de Miguel Colmeiro
594 ## - Nota al título y mención de responsabilidad
Nota al título y mención de responsabilidad Tema del discurso: Relaciones de los terrenos con el calor y componentes de las aguas minerales.
594 ## - Nota al título y mención de responsabilidad
Nota al título y mención de responsabilidad Tema de la contestación: Naturaleza de las aguas minerales.
650 #7 - PUNTO DE ACCESO ADICIONAL DE MATERIA--TÉRMINO DE MATERIA
Término de materia o nombre geográfico como elemento de entrada Aguas minerales
Fuente del encabezamiento o término embne
9 (RLIN) 135517
700 1# - ENTRADA AGREGADA--NOMBRE PERSONAL
Nombre de persona Pereda y Martínez, Sandalio de,
Fechas asociadas al nombre 1822-1886
9 (RLIN) 90459
700 1# - ENTRADA AGREGADA--NOMBRE PERSONAL
Nombre de persona Colmeiro, Miguel,
Fechas asociadas al nombre 1816-1901
9 (RLIN) 39771
710 2# - ENTRADA AGREGADA--NOMBRE DE ENTIDAD CORPORATIVA
Nombre de entidad corporativa o nombre de jurisdicción como elemento de entrada Real Academia de Ciencias Exactas, Físicas y Naturales de España.
9 (RLIN) 175635
852 4# - LOCALIZACIÓN
Ubicación ES-MaACL
Número de control de estantería T-103-F-14
856 4# - LOCALIZACIÓN Y ACCESO ELECTRÓNICOS
Identificador Uniforme de Recursos <a href="http://bdh-rd.bne.es/viewer.vm?id=0000090056&page=1 ">http://bdh-rd.bne.es/viewer.vm?id=0000090056&page=1 </a>
Nota pública Biblioteca Digital Hispánica
Holdings
Estatus retirado Estado de pérdida Estado de daño No para préstamo Colección Biblioteca de origen Biblioteca actual Ubicación en estantería Fecha de adquisición Fuente de adquisición Total de préstamos Signatura topográfica completa Código de barras Visto por última vez Precio de reemplazo Tipo de ítem Koha
        Colección de folletos Biblioteca del Ateneo de Madrid Biblioteca del Ateneo de Madrid Depósito folletos 17/01/2008     T-103-F-14 1039493 23/02/2023 23/02/2023 Folleto